000 00451cam a2200181ua 4500
020 _c3.50
041 _ahin
_h
082 _a891.54
_bPAR/ME
100 _aParasuram, Chaturvedi .
245 _aMeerabhai ki padavali /
_cParashuram chaturvedi.
_hTextual Documents
250 _a10 /
_b.
260 _aPrayag :
_bHindi sahitya sammelan ,
_c1952.
300 _a262 ; .
365 _a3.50
504 _a
942 _cBK
999 _c8348
_d8348